书目信息 |
| 题名: |
网络分析与故障排除实用手册
|
|
| 作者: | J.Scott Haugdahl 著 ;张拥军 译 | |
| 分册: | ||
| 出版信息: | 北京 电子工业出版社 2002.02 |
|
| 页数: | 336页 | |
| 开本: | 23cm | |
| 丛书名: | 新世纪网络工程师丛书 | |
| 单 册: | ||
| 中图分类: | TP393.02-62 | |
| 科图分类: | ||
| 主题词: | 计算机网络--网络分析 , 计算机网络--故障修复 , CT--S036604--计算机网络 , CT--S077238--网络分析 , CT--S027302--故障修复 | |
| 电子资源: | ||
| ISBN: | 7-5053-6042-6 | |
| 000 | 01317nam2 2200349 450 | |
| 001 | 073000000042 | |
| 005 | 20031022095418.0 | |
| 010 | @a7-5053-6042-6@dCNY38.00 | |
| 035 | @a(011001)c2002039265 | |
| 100 | @a20041225d2002 em y0chiy0110 ea | |
| 101 | 1 | @achi@ceng |
| 102 | @aCN@b110000 | |
| 105 | @ay z 000yy | |
| 200 | 1 | @a网络分析与故障排除实用手册@d=Network Analysis and Troubleshooting@Awang luo fen xi yu gu zhang pai chu shi yong shou ce@f(美)J.Scott Haugdahl著@F(mei)J.Scott Haugdahl zhu@g张拥军等译@Gzhang yong jun deng yi |
| 210 | @a北京@c电子工业出版社@d2002.02 | |
| 215 | @a336页@d23cm | |
| 225 | 2 | @a新世纪网络工程师丛书 |
| 330 | @a本书主要内容包括:概述;分析与排除物理层的故障;分析与排除数据链路层的故障;分析与排除网络层的故障等。 | |
| 410 | 0 | @12001 @a新世纪网络工程师丛书 |
| 510 | @a=Network Analysis and Troubleshooting | |
| 606 | 0 | @a计算机网络@x网络分析 |
| 606 | 0 | @a计算机网络@x故障修复 |
| 606 | 0 | @2CT@3S036604@a计算机网络 |
| 606 | 0 | @2CT@3S077238@a网络分析 |
| 606 | 0 | @2CT@3S027302@a故障修复 |
| 690 | @aTP393.02-62@v4 | |
| 701 | 0 | @aJ.Scott Haugdahl@4著 |
| 702 | 0 | @a张拥军@Azhang yong jun@4译 |
| 801 | 0 | @aCN@bNLC@c20041225 |
| 905 | @aBZT@dTP393.02-62@e1@f6 | |
| 906 | @dCNY38.00@n0@r1 | |
| 999 | @tC@Ashuju@a20031022 09:54:16@Mshuju@m20031022 09:54:18 | |
| 网络分析与故障排除实用手册=Network Analysis and Troubleshooting/(美)J.Scott Haugdahl著/张拥军等译.-北京:电子工业出版社,2002.02 |
| 336页;23cm.-(新世纪网络工程师丛书) |
| ←并列题名:=Network Analysis and Troubleshooting |
| ISBN 7-5053-6042-6:CNY38.00 |
| 本书主要内容包括:概述;分析与排除物理层的故障;分析与排除数据链路层的故障;分析与排除网络层的故障等。 |
| ● |
| 相关链接 |
|
|
|
正题名:网络分析与故障排除实用手册
索取号:TP393.02-62/1
 
预约/预借
| 序号 | 登录号 | 条形码 | 馆藏地/架位号 | 状态 | 备注 |
| 1 | 0377626 | 200879442 | 样本书库/样007架A面2层2列/ [索取号:TP393.02-62/1] | 在馆 | |
| 2 | 0377627 | 200879451 | 中心书库中库/ 中库026架B面7列5层18/ [索取号:TP393.02-62/1] | 在馆 | |
| 3 | 0377628 | 200879424 | 中心书库中库/ 中库026架B面7列5层12/ [索取号:TP393.02-62/1] | 在馆 | |
| 4 | 0377629 | 200879433 | 中心书库中库/ 中库026架B面8列3层28/ [索取号:TP393.02-62/1] | 在馆 | |
| 5 | 0377630 | 200879406 | 中心书库中库/ 中库026架B面7列5层14/ [索取号:TP393.02-62/1] | 在馆 | |
| 6 | 0377631 | 200879415 | 中心书库中库/ 中库026架B面7列5层13/ [索取号:TP393.02-62/1] | 在馆 |